000
00457nam a22001217a 4500
040
_c
HS
082
_a
635
110
_a
ការិយាល័យផ្សព្វផ្សាយកសិកម្ម
245
_a
ការវិភាគប្រព័ន្ធក្សេត្រ - បរិស្ថាន
260
_a
Cambodia
_b
ការិយាល័យផ្សព្វផ្សាយកសិកម្ម
_c
2005
300
_a
63p;
942
_c
KB
999
_c
9442
_d
9442